| 000 | 01258nam a22002297a 4500 | ||
|---|---|---|---|
| 003 | BUBTL | ||
| 008 | 220111b ||||| |||| 00| 0 eng d | ||
| 020 | _a9789846341386 | ||
| 082 | _a954.925/ K1277b/ 2019 | ||
| 100 |
_94466 _aকামাল, কাজী আহমেদ |
||
| 245 |
_aবঙ্গবন্ধু শেখ মুজিবুর রহমান ও বাংলাদেশর জন্ম / _cকাজী আহমেদ কামাল, হাসান খুরশীদ রুমি |
||
| 250 | _a3rd Edn. | ||
| 260 |
_aঢাকা : _bপাঞ্জেরী পাবলকেশন্স লি., _cc2019 |
||
| 300 |
_a208 p. : _c22 cm. |
||
| 505 | _aবঙ্গবন্ধু শেখ মুজিবুর রহমান ও বাংলাদেশর জন্ম, বঙ্গবন্ধু, শেখ মুজিবুর রহমান, বাংলাদেশ, কাজী আহমেদ কামাল, হাসান খুরশীদ রুমি | ||
| 650 | 0 |
_93573 _aবঙ্গবন্ধু |
|
| 650 | 0 |
_94372 _aBangabandhu |
|
| 700 |
_94481 _aরুমি, হাসান খুরশীদ |
||
| 856 |
_k0 _l0 _yDownload |
||
| 942 |
_2ddc _cBK |
||
| 999 |
_c6629 _d6629 |
||